Saints for Kids / (Record no. 108864)
[ view plain ]
| 000 -LEADER | |
|---|---|
| fixed length control field | 00335nam a2200121 a 4500 |
| 005 - DATE AND TIME OF LATEST TRANSACTION | |
| control field | 20140414093833.0 |
| 008 - FIXED-LENGTH DATA ELEMENTS--GENERAL INFORMATION | |
| fixed length control field | 970109s19uu xx 00 eng d |
| 050 ## - LIBRARY OF CONGRESS CALL NUMBER | |
| Classification number | VHS 200 |
| Item number | OR 19 V. 1 |
| 245 ## - TITLE STATEMENT | |
| Title | Saints for Kids / |
| Statement of responsibility, etc | Francis of Assisi, Elizabeth & Zechariah, Martin of Tours. |
| 440 ## - SERIES STATEMENT/ADDED ENTRY--TITLE | |
| Title | Vol. 1 |
| 942 ## - ADDED ENTRY ELEMENTS (KOHA) | |
| Koha item type | Audio Visual Materials |
| Withdrawn status | Lost status | Damaged status | Home library | Current library | Shelving location | Date acquired | Source of acquisition | Cost, normal purchase price | Total Checkouts | Full call number | Barcode | Date last seen | Price effective from | Koha item type |
|---|---|---|---|---|---|---|---|---|---|---|---|---|---|---|
| Luxembourg Library | Luxembourg Library | Audio Visual Material Section | 05/14/2003 | 225.00 | VHS 200 OR 19 V. 1 | AV0333 | 04/14/2014 | 04/14/2014 | Audio Visual Materials |